000 01112nam a22003377a 4500
003 CHAP
005 20220329133004.0
008 971013s1990 r 00010 d
010 _a988
011 _a1960
035 _a1145
040 _cCHAP
090 _aTesis
100 0 0 _aSánchez Rivera, Dora María.
_9107794
245 _aEvaluación de una explotación ganadera en el municipio de Coscomatepec, Ver.
260 _aChapingo, Méx. :
_bEl autor,
_c1990
300 _a88 h.
_b: cuadros
500 _a39-223
502 _aTesis (Ing. Agr. Esp. en Zootecnia) -- UACH. Departamento de Zootecnia
590 _aALEPH
_b10
_c20130110
_lUCH01
_h1207
590 _aBATCH-UPD
_b10
_c20130110
_lUCH01
_h1349
590 _aBATCH-UPD
_b10
_c20130410
_lUCH01
_h0846
590 _aBATCH-UPD
_b10
_c20130914
_lUCH01
_h1509
590 _aCONVERSION
_b10
_c20130109
_lUCH01
_h1302
650 1 4 _aGanado de carne
_xAlimentación.
_945068
650 1 4 _aGanado de carne
_xProducción.
_945104
650 1 4 _aGanado de carne
_xVeracruz.
_945116
901 _aBK
942 _cTESIS
949 _bBC
_cTES
_d-10609
_eTS1
_h23087
_i1145
_si
999 _c988
_d988